Ghazal farsi Allama Iqbal / (Record no. 331914)
[ view plain ]
| 000 -LEADER | |
|---|---|
| fixed length control field | nam a22 7a 4500 |
| 003 - CONTROL NUMBER IDENTIFIER | |
| control field | NUST |
| 005 - DATE AND TIME OF LATEST TRANSACTION | |
| control field | 20171102110011.0 |
| 008 - FIXED-LENGTH DATA ELEMENTS--GENERAL INFORMATION | |
| fixed length control field | 171102b xxu||||| |||| 00| 0 eng d |
| 040 ## - CATALOGING SOURCE | |
| Transcribing agency | NUST |
| 041 ## - LANGUAGE CODE | |
| Language code of original | persian |
| 082 ## - DEWEY DECIMAL CLASSIFICATION NUMBER | |
| Classification number | 891.511 |
| Author Mark | IQB |
| 100 ## - MAIN ENTRY--PERSONAL NAME | |
| Personal name | Iqbal, Muhammad |
| 9 (RLIN) | 9 |
| 245 ## - TITLE STATEMENT | |
| Title | Ghazal farsi Allama Iqbal / |
| Statement of responsibility, etc. | by Muhammad Munawwar |
| 260 ## - PUBLICATION, DISTRIBUTION, ETC. | |
| Place of publication, distribution, etc. | Lahore: |
| Name of publisher, distributor, etc. | Iqbal academy, |
| Date of publication, distribution, etc. | 1987 |
| 300 ## - PHYSICAL DESCRIPTION | |
| Extent | 196 p. |
| 650 ## - SUBJECT ADDED ENTRY--TOPICAL TERM | |
| Topical term or geographic name entry element | Iqbaliyat |
| 9 (RLIN) | 81 |
| 880 ## - ALTERNATE GRAPHIC REPRESENTATION | |
| Linkage | 100-01\(3\r |
| Title | محمد اقبال |
| 880 ## - ALTERNATE GRAPHIC REPRESENTATION | |
| Linkage | 245-02\(3\r |
| Title | غزل فارسی علامہ اقبال |
| c | محمد منور |
| 880 ## - ALTERNATE GRAPHIC REPRESENTATION | |
| Linkage | 260-03\(3\r |
| Title | لاہور: |
| b | اقبال اکادمی پاکستان، |
| c | 1987 |
| 942 ## - ADDED ENTRY ELEMENTS (KOHA) | |
| Source of classification or shelving scheme | |
| Koha item type | Book |
| Withdrawn status | Lost status | Source of classification or shelving scheme | Damaged status | Not for loan | Permanent Location | Current Location | Shelving location | Date acquired | Full call number | Barcode | Date last seen | Copy number | Price effective from | Koha item type |
|---|---|---|---|---|---|---|---|---|---|---|---|---|---|---|
| Central Library (CL) | Central Library (CL) | Book Cart | 11/02/2017 | 891.511 IQB | CL3119 | 11/02/2017 | 1 | 11/02/2017 | Book |
